|
|
|
|
| LEADER |
00000nab a2200000 ar4500 |
| 001 |
vtls010239444 |
| 003 |
SK-MaSNL |
| 005 |
20260318123945.0 |
| 008 |
110225c20110221xo |||||||| 000 b|hun |
| 015 |
|
|
|a SNBRB2011/02
|2 snkbucl
|
| 038 |
|
|
|a SNKBUCL
|
| 040 |
|
|
|a DSZK
|b slo
|c DSZK
|e AACR2
|
| 041 |
0 |
|
|a hun
|
| 044 |
|
|
|a xo
|c SK
|
| 080 |
|
|
|a 342.725
|x (437.6)
|2 2001
|
| 080 |
|
|
|a 342.724
|x (437.6)
|2 2001
|
| 080 |
|
|
|a 341.234:81`244
|x (437.6)
|2 2001
|
| 100 |
1 |
|
|a Mózes, Szabolcs,
|d 1979-
|4 aut
|9 1034470
|
| 245 |
1 |
0 |
|a Bírság az elmaradó magyar feliratért
|b a kisebbségi nyelvtörvény tervezete jogok mellett kötelességeket is előírna a jogi személyeknek
|c Mózes Szabolcs
|
| 246 |
3 |
3 |
|a Küszöb: többet nyerne a többi kisebbség
|b kötelező lenne a kisebbségi nyelv használata
|
| 650 |
0 |
7 |
|a národnostné menšiny
|2 SNKPH
|9 2669
|
| 650 |
0 |
7 |
|a práva menšín
|2 SNKPH
|9 2259
|
| 650 |
0 |
7 |
|a jazykové právo
|2 SNKPH
|9 2264
|
| 650 |
0 |
7 |
|a menšinový jazyk
|2 SNKPH
|9 71758
|
| 650 |
0 |
7 |
|a jazyky národnostných menšín
|2 snkbucl
|9 390261
|
| 650 |
0 |
7 |
|a Zákon o používaní jazykov národnostných menšín
|2 snkbucl
|9 1084937
|
| 650 |
0 |
7 |
|a novelizácia
|2 snkbucl
|9 393155
|
| 650 |
0 |
7 |
|a návrhy
|2 snkbucl
|9 328104
|
| 651 |
|
7 |
|a Slovensko
|2 SNKPHgeo
|9 14231
|
| 773 |
0 |
|
|t Új szó
|g Évf. 64, sz. 42 (21.2.2011), o. 1 és 2
|x 1335-7050
|
| 852 |
|
|
|a SNK
|b KIS3GCP
|
| 852 |
|
|
|a DSZK
|b KIS3GCP
|
| 958 |
|
|
|a HU
|
| 958 |
|
|
|a SK
|
| 999 |
|
|
|c 2717073
|d 2719003
|